Energetické pochody zušlechťování paliv.

Prehľad sledovaných údajov o spotrebe energie. Účinnosť energetických procesov zušľachťovania palív v ČSFR. Účinnosť palív a straty v energetických procesoch.

Salvato in:
Dettagli Bibliografici
Autore principale: Kanta, P.
Natura: Capitolo di libro
Lingua:ceco
Soggetti:
Tags: Aggiungi Tag
Nessun Tag, puoi essere il primo ad aggiungerne!!

MARC

LEADER 00000naa a2200000 4500
001 r007319
005 20221125081331.9
041 0 |a cze 
044 |a [CS] 
245 1 0 |a Energetické pochody zušlechťování paliv.  |c P. Kanta 
520 |a Prehľad sledovaných údajov o spotrebe energie. Účinnosť energetických procesov zušľachťovania palív v ČSFR. Účinnosť palív a straty v energetických procesoch. 
610 2 0 |a energetika 
610 2 0 |a spotreba energie 
610 2 0 |a palivá 
610 2 0 |a ČSFR 
100 1 |a Kanta, P.